=LDR 00000nam 2200000 4500 =001 INLIS000000000001552 =005 20230731025648 =035 ##$$a 0010-0723000129 =007 ta =008 230731################g##########0#ind## =020 ##$$a - =082 ##$$a 614 =084 ##$$a 614 HAD e =100 #$$a Hadi Pramoto =245 1#$$a EVALUASI Kerja Sama Lima Tahun ke II FKM UI & BKKBN /$c BKKBN & Universitas Indonesisa =250 ##$$a - =260 ##$$a Jakarta :$b Fakultas Kesehatan Masyarakat, Universitas Indonesia & BKKBN,$c 1986 =300 ##$$a 210 hlm : $b ilust ; $c 23,5cm$e - =500 ##$$a pelaksaan kerjasama antara kedua instansi ini didasarkan kepada dokumen kerjasama BKKBN-FKMUI pelaksanaannya di tuangkan dalam bentuk PIL ( Project Impelementation Letter). =700 #$$a Sudarti =700 #$$a Sri Anggraini =700 #$$a Hendrik M. Kiptiyah =700 #$$a Nurhayati Adnan =600 #4$$a Evaluasi FKM UI & BKKBN